Bombas: Seleccion,uso y mantenimiento./Kenneth J.McNaughton (Registro nro. 21885)

Detalles MARC
000 -LÍDER
fixed length control field 00408nam a2200145 4500
008 - ELEMENTOS DE LONGITUD FIJA -- INFORMACIÓN GENERAL
fixed length control field 01995 1992 0a 000 0Mex
020 ## - NÚMERO INTERNACIONAL NORMALIZADO PARA LIBROS
ISBN 968-422-036-7
082 ## - NUMERO DE CLASIFICACION DECIMAL DEWEY
Número de Clasificación 621.69 M316b
100 ## - ASIENTO PRINCIPAL--NOMBRE PERSONAL
Nombre personal McNaughton.Kenneth J.
245 ## - TÍTULO
Título Bombas: Seleccion,uso y mantenimiento./Kenneth J.McNaughton
260 ## - PUBLICACIÓN, DISTRIBUCIÓN, ETC. (PIE DE IMPRENTA)
Lugar de publicación, distribución, etc. México:Mcgraw-Hill
300 ## - DESCRIPCIÓN FÍSICA
Extensión 373p./38cm.
500 ## - NOTA GENERAL
Nota general Incluye Indice.
650 ## - ASIENTO SECUNDARIO DE MATERIA - TERMINO TEMÁTICO
Término temático o nombre geográfico como elemento de entrada 1.BOMBAS
Existencias
No. biblioteca No. biblioteca Número de clasificación Código de barras/Número de adquisición Número de copia Tipo de material
LUIS G. INCLAN LUIS G. INCLAN 621.69 M316b 24751 11 Libros
LUIS G. INCLAN LUIS G. INCLAN 621.69 M316b 24750 10 Libros
LUIS G. INCLAN LUIS G. INCLAN 621.69 M316b 24749 9 Libros
LUIS G. INCLAN LUIS G. INCLAN 621.69 M316b 17304 3 Libros
LUIS G. INCLAN LUIS G. INCLAN 621.69 M316b 17303 2 Libros
LUIS G. INCLAN LUIS G. INCLAN 621.69 M316b 24754 14 Libros
LUIS G. INCLAN LUIS G. INCLAN 621.69 M316b 24753 13 Libros
LUIS G. INCLAN LUIS G. INCLAN 621.69 M316b 24752 12 Libros
LUIS G. INCLAN LUIS G. INCLAN 621.69 M316b 24759 19 Libros
LUIS G. INCLAN LUIS G. INCLAN 621.69 M316b 24758 18 Libros
LUIS G. INCLAN LUIS G. INCLAN 621.69 M316b 24756 16 Libros
LUIS G. INCLAN LUIS G. INCLAN 621.69 M316b 24755 15 Libros
Calzada Tecnológico # 27, Zacatepec, Morelos.
01(734) 343-07-23 / 343-21-10 / 343-21-11
Apdo. Postal 45 C.P 62780